| 000 | 01423cam a2200373 i 4500 | ||
|---|---|---|---|
| 999 |
_c200446495 _d64707 |
||
| 003 | TR-AnTOB | ||
| 005 | 20230330000905.0 | ||
| 007 | ta | ||
| 008 | 910719s1990 tu ab f 000 0 eng | ||
| 010 | _a 91174065 | ||
| 020 |
_a9751902428 _q(paperback) |
||
| 020 |
_a9789751902429 _q(paperback) |
||
| 035 |
_a(OCoLC)25789719 _z(OCoLC)24554586 _z(OCoLC)25253551 |
||
| 040 |
_aDLC _beng _erda _cDLC _dTR-AnTOB _dNLGGC _dBTCTA _dU5D _dSULEY _dTR-AnTOB |
||
| 041 | 0 | _aeng | |
| 050 | 0 | 0 |
_aDR417 _b.T87 |
| 090 |
_aTOBBK DR417 _b.T87 |
||
| 245 | 0 | 0 | _aTurkey. |
| 246 | 3 | 0 | _aTurkey, an official handbook. |
| 264 | 1 |
_a[Ankara] : _bGeneral Directorate of Press and Information, _c[1990] |
|
| 300 |
_airregular pages : _billustrations ; _c27 cm |
||
| 336 |
_atext _btxt _2rdacontent |
||
| 337 |
_aunmediated _bn _2rdamedia |
||
| 338 |
_avolume _bnc _2rdacarrier |
||
| 500 | _aCover title: Turkey, an official handbook. | ||
| 500 | _a"October 1990"--T.p. verso. | ||
| 505 | 8 | _aContains facts and figures on all aspects of the country from history to tourism, geography to art and the economy to sport. Details the country's development and its cultural growth. | |
| 651 | 0 |
_aTurkey _vHandbooks, manuals, etc. _9100773 |
|
| 651 | 0 |
_aTürkiye _xTarih _9120729 |
|
| 710 | 1 |
_aTurkey. _bBasın-Yayın ve Enformasyon Genel Müdürlüğü _9100772 |
|
| 942 |
_2z _cBK |
||